000
00266nam a2200097Ia 4500
001
652701
005
20250826154443.0
008
250824s9999 xx 000 0 und d
245
0
_a
ECE YÜCE/ KİM BİLİYOR MUSUNUZ
_c
GÜLTEN DAYIOĞLU
260
_b
ALTIN KİTAP YAYINLARI
999
_c
652701
_d
652701